Normal view
MARC view
Entry Personal Name
001 - CONTROL NUMBER
- control field: 35877
003 - CONTROL NUMBER IDENTIFIER
- control field: ARRUPE
005 - DATE AND TIME OF LATEST TRANSACTION
- control field: 20170920113849.0
008 - FIXED-LENGTH DATA ELEMENTS
- fixed length control field: 170920|| aca||aabn | a|a d
040 ## - CATALOGING SOURCE
- Original cataloging agency: ARRUPE
- Transcribing agency: ARRUPE
100 ## - HEADING--PERSONAL NAME
- Personal name: Baines, Thomas,
- Dates associated with a name: 1820-1875.
670 ## - SOURCE DATA FOUND
- Source citation: Work cat.: (ARRUPE)25378: Wallis, J. P. R. (John Peter Richard), 1880-1957. 35876, Thomas Baines of King's Lynn, explorer and artist, 1820-1875 /, 1982.